00533nam a22001697a 450000500170000001000150001702000260003203500140005803700130007208200140008510000250009924501010012426000360022527000620026130000210032350000190034420170621110746.0 aENG-118820 a9788178244761c595.00 aEN-102352 bDBAD/PUB a322.50954 aWilkinson, Steven I. aArmy and nation:bThe military and indian democracy since independence /cby Steven I. Wilkinson aRanikhetbPermanent Blackc2017 a'Himalyana' , Mall Road, Ranikhet Cantt, Ranikhet-263645. a295pc22cm.(pbk) aIncludes Index